Champions League Topscorer 2017/18 - Statistiken

Allgemein
  • Dieses Quiz wurde 61 mal gespielt
  • Das Durchschnittsergebnis liegt bei 13 aus 16
Antwortstatistiken
Rang Nation Verein Tore Antwort % Korrekt
1 Portugal Real Madrid 15 Cristiano Ronaldo
100%
2 Ägypten Liverpool 10 Mohamed Salah
100%
2 Brasilien Liverpool 10 Roberto Firmino
98%
2 Senegal Liverpool 10 Sadio Mane
98%
5 Bosnien &Herzegowina AS Roma 8 Edin Dzeko
96%
7 Uruguay Paris Saint-Germain 7 Edinson Cavani
96%
9 Argentinien Barcelona 6 Lionel Messi
96%
9 Brasilien Paris Saint-Germain 6 Neymar
96%
7 England Tottenham Hotspur 7 Harry Kane
95%
11 Frankreich Real Madrid 5 Karim Benzema
95%
11 Polen Bayern München 5 Robert Lewandowski
95%
11 Belgien Manchester United 5 Romelu Lukaku
85%
11 Argentinien Juventus 5 Gonzalo Higuain
69%
11 Brasilien Liverpool 5 Philippe Coutinho
42%
11 Kamerun Porto 5 Vincent Aboubakar
22%
5 Frankreich Sevilla 8 Wissam Ben Yeder
15%
Keine übereinstimmenden Quizze gefunden
Verteilung der Resultate
Anzahl Personen mit jedem Resultat
Perzentil nach korrekt beantworteten Fragen
Ihre Resultats-Entwicklung
Sie haben dieses Quiz noch nicht gespielt